[Event "OSREDNJA SLOVENSKA LIGA 2024"]
[Site "Gostovanja"]
[Date "2024.09.26"]
[Round "3.7"]
[White "Cedilnik, Branko"]
[Black "Rogelj, Tomaz"]
[Result "0-1"]
[WhiteElo "1718"]
[BlackElo "1554"]
[PlyCount "70"]
[EventDate "2024.09.12"]
[WhiteTeam "SK Medvode"]
[BlackTeam "Drustvo Tomo Zupan"]

1. d4 Nf6 2. c4 e6 3. Bg5 Be7 4. Nf3 O-O 5. Nc3 d5 6. a3 Nc6 7. e3 Re8 8. Qc2
h6 9. Bf4 Bd6 10. Bg3 Na5 11. c5 Bxg3 12. hxg3 Nc6 13. Be2 e5 14. O-O-O e4 15.
Nh4 b6 16. Bb5 Re6 17. f3 a6 18. Bxc6 Rxc6 19. g4 bxc5 20. dxc5 Qe7 21. g5 hxg5
22. Nxd5 Nxd5 23. Rxd5 Rh6 24. Rd4 exf3 25. Rhd1 Qxe3+ 26. Kb1 g6 27. Rd8+ Kg7
28. gxf3 Rxh4 29. Ka1 Bf5 30. Qc3+ Qxc3 31. bxc3 Rxd8 32. Rxd8 Rc4 33. Kb2 Rxc5
34. Kb3 Be6+ 35. Kb4 Rb5+ 0-1